Spracovanie a využitie bioodpadu
Definícia biomasy. Rozdelenie biomasy. Triedenie odpadov. Biologicky rozložiteľný odpad. Životný cyklus výrobku. Čo s bioodpadom. Možné zdroje biologického odpadu. Súčasný stav v oblasti nakladania s biologickým odpadom. Súčasná situácia v nakladaní s biologickým odpadom v členských štátoch EÚ.
Gespeichert in:
| 1. Verfasser: | |
|---|---|
| Format: | Buchkapitel |
| Sprache: | Slowakisch |
| Schlagworte: | |
| Tags: |
Keine Tags, Fügen Sie das erste Tag hinzu!
|
MARC
| LEADER | 00000nla a2200000 4500 | ||
|---|---|---|---|
| 001 | 0180537 | ||
| 005 | 20240502073059.0 | ||
| 041 | 0 | |a slo | |
| 044 | |a SK | ||
| 245 | 1 | 0 | |a Spracovanie a využitie bioodpadu |c Juraj Jaška |
| 520 | |a Definícia biomasy. Rozdelenie biomasy. Triedenie odpadov. Biologicky rozložiteľný odpad. Životný cyklus výrobku. Čo s bioodpadom. Možné zdroje biologického odpadu. Súčasný stav v oblasti nakladania s biologickým odpadom. Súčasná situácia v nakladaní s biologickým odpadom v členských štátoch EÚ. | ||
| 610 | 2 | 0 | |a odpad komunálny |
| 610 | 2 | 0 | |a biomasa |
| 610 | 2 | 0 | |a bioodpad |
| 610 | 2 | 0 | |a recyklácia odpadu |
| 610 | 2 | 0 | |a spracovanie odpadu |
| 610 | 2 | 0 | |a ochrana prostredia životného |
| 610 | 2 | 0 | |a výrobky |
| 610 | 2 | 0 | |a cyklus výrobku životný |
| 100 | 1 | |a Jaška, Juraj, 1979- | |